00393pab a2200145 454500008004000000100001400040245005400054260000900108300001400117362001200131650002100143650002600164650001800190773003900208180718b2005 xxu||||| |||| 00| 0 eng d aRay, P.K. aSkill training efforts and labour market in India c2005 ap.637-47. aJul-Sep aTraining - India aLabour market - India aLabour market aIndian Journal of Labour Economics